000 00804nam a2200181Ia 4500
008 090630s9999 xx 000 0 und d
082 _b25322
100 _aजेम्स हॅडली चेस अनु. हद्दार मधुकर.
245 _aबँक रॉबरी.
_cजेम्स हॅडली चेस अनु. हद्दार मधुकर.
260 _bगीता एजन्सीज.
_c2004
300 _a184
600 _aजेम्स हॅडली चेस अनु. हद्दार मधुकर.
630 _aबँक रॉबरी.
655 _aकादंबरी.
700 _aजेम्स हॅडली चेस अनु. हद्दार मधुकर.
730 _aबँक रॉबरी.
942 _cBOOK
999 _c277178
_d277178